MARC

LEADER 00000nam0a2200000 4500
001 286833
005 20231101235930.0
035 |a (RuTPU)RU\TPU\book\311184 
090 |a 286833 
100 |a 20150310d1959 k y0rusy50 ca 
101 0 |a rus 
102 |a RU 
105 |a a z 001zy 
200 1 |a О закономерностях формирования и размещения нефтяных и газовых залежей  |f А. Л. Козлов  |g Всесоюзный научно-исследовательский институт природных газов (ВНИИГАЗ) 
210 |a Москва  |c Гостоптехиздат  |d 1959 
215 |a 164 с.  |c ил. 
320 |a Библиогр.: с. 159-162. 
606 1 |a Нефтяные месторождения  |x Геология  |2 stltpush  |3 (RuTPU)RU\TPU\subj\45952  |9 65141 
606 1 |a Газовые месторождения  |x Геология  |2 stltpush  |3 (RuTPU)RU\TPU\subj\4643  |9 32890 
610 1 |a углеводороды 
610 1 |a формирование 
610 1 |a нефтегазоносность 
610 1 |a размещение 
610 1 |a гидрогеология 
675 |a 553.982  |v 3 
675 |a 553.981  |v 3 
700 1 |a Козлов  |b А. Л.  |g Анатолий Львович 
712 0 2 |a Всесоюзный научно-исследовательский институт природных газов (ВНИИГАЗ)  |c (Москва)  |2 stltpush  |3 (RuTPU)RU\TPU\col\8263 
801 1 |a RU  |b 63413507  |c 20150310 
801 2 |a RU  |b 63413507  |c 20210524  |g RCR 
942 |c BK